00211nam a2200085Ia 4500008004100000100001900041245003600060260002000096260000900116170617s9999 xx 000 0 und d aKUMAR SURINDER 0aT.B. OF Microbiology of Bsc nrg bJAYPEE BROTHERS c2015